=LDR 00000nam 2200000 4500 =001 INLIS000000000033386 =005 20130612135337 =008 ***********************************Ind** =035 ##$$0010-061300000033386 =041 ##$$a Ind =082 ##$$a 370.15 =090 ##$$a 370.15, Jaa p =100 ##$$a Djaali =245 ##$$a Psikologi Pendidikan, Djaali =260 ##$$a 2009 $b Jakarta =300 ##$$a x,138 hlm., 21 cm =650 ##$$a Psikologi Pendidikan =850 ##$$a NBPNMAT